LEADER 01060nam0-2200361li-450 001 990000256980203316 005 20180312154915.0 010 $a0-87778-206-7 035 $a0025698 035 $aUSA010025698 035 $a(ALEPH)000025698USA01 035 $a0025698 100 $a20001109d1987----km-y0itay0103----ba 101 0 $aeng 102 $aUS 200 1 $aInteractive video$fRichard Schwier 210 $aEnglewood Cliffs$cEducational Technology Publications$dcopyr. 1987 215 $aXV, 204 p.$cill.$d25 cm 610 1 $aistruzione assistita da elaboratore 610 1 $avidei interattivi 676 $a371334$9. 700 1$aSchwier,$bRichard$0745563 801 $aSistema bibliotecario di Ateneo dell' Università di Salerno$gRICA 912 $a990000256980203316 951 $a371.334 SCH$b0012768 959 $aBK 969 $aSCI 979 $c19910605 979 $c20001110$lUSA01$h1715 979 $c20020403$lUSA01$h1634 979 $aPATRY$b90$c20040406$lUSA01$h1618 996 $aInteractive video$91487109 997 $aUNISA